000 00732cam a22001934a 4500
005 20250605164117.0
008 250528s ||||||||||||||||||||||||d
035 _a18127
020 _a138218285
040 _aGR-AtMCL
_bgre
_dGR-AtMCL
_eAACR2
245 1 _aSoftware Design / Methods & Techniques
260 _bYourdon Press,
_c1981
300 _a242
520 _aThis book provides software engineers wit a benefit long enjoyed by Harware Engineers. Acknowledgements, Preface, Foreword, Software: Engineering and Design, Designing Representation Techniques, Software Design Methods, Software Design Engineering, Epilogue, Index.
700 1 _aPeters J. Lawrence
_94418
942 _cBK
999 _c3510
_d3510